Artists Best Albums - Statistics

General Stats
  • This quiz has been taken 45 times
  • The average score is 10 of 24
Answer Stats
Question Answer % Correct
Frank Ocean
93%
Michael Jackson
86%
The Beatles
86%
Tame Impala
86%
Prince
71%
Kendrick Lamar
64%
Tyler the Creator
57%
JAY-Z
50%
MF DOOM
50%
Juice WRLD
50%
Travis Scott
43%
A$AP Rocky
36%
Radiohead
36%
Future
36%
Kanye West
21%
The Strokes
21%
Playboi Carti
21%
Bruce Springsteen
21%
Lil Uzi Vert
14%
The Weeknd
14%
Drake
14%
Mac Miller
14%
Lil Wayne
0%
Nirvana
0%
No matching quizzes found
Score Distribution
Percent of People with Each Score
Percentile by Number Answered
Your Score History
You have not taken this quiz